Sabors dels parcs : rutes enogastronòmiques 2013 rutes enogastronòmiques 2013
Publicado:
Barcelona :
Diputació de Barcelona. Àrea de Territori i Sostenibilitat. Gerència de Serveis d'Espais Naturals ,
2013
Descripción Física:
19 p. : il. col. ; 21 cm
Colección:
Activitats culturals
MARC
| LEADER | 00000nam a2200000Ia 4500 | ||
|---|---|---|---|
| 001 | 23950 | ||
| 008 | 160829s2013 xx 000 0 cat d | ||
| 080 | |a FU-62-99 | ||
| 245 | |a Sabors dels parcs : |b rutes enogastronòmiques 2013 | ||
| 260 | |a Barcelona : |b Diputació de Barcelona. Àrea de Territori i Sostenibilitat. Gerència de Serveis d'Espais Naturals, |c 2013 | ||
| 300 | |a 19 p. : |b il. col. ; |c 21 cm | ||
| 490 | |a Activitats culturals | ||
| 650 | 0 | |a Parcs Naturals |z Barcelona (Catalunya : Província) |x Activitats culturals |9 50143 | |
| 710 | 1 | |a Barcelona (Catalunya : Província). |b Xarxa de Parcs Naturals |9 7250 | |
| 710 | 1 | |a Barcelona (Catalunya : Província). |b Gerència de Serveis d’Espais Naturals |9 52730 | |
| 901 | |a Arxiu | ||
| 942 | |n 1 | ||
| 952 | |0 0 |1 0 |4 0 |7 1 |9 55234 |a Arxiu |b Arxiu |d 2023-04-18 |h 2013 |o FU-62-99 |p 23950 |r 2016-12-01 00:00:00 |w 2016-12-01 |y ARXIU | ||
| 999 | |c 59106 |d 59106 | ||